000 00621cam a22002171 4500
001 sa 65007190
003 DLC
005 20260227112148.0
008 890913s1964 io 000 0 ind
010 _asa 65007190
035 _a(OCoLC)23537015
040 _aDLC
_cMiU
_dDLC
042 _apremarc
050 0 0 _aDS644
_b.Y26
100 1 _aYani, Achmad,
_d1922-1965.
245 1 0 _aT. N. I. membina revolusi
_c[oleh] A. Yani.
260 _aDjakarta,
_bDelegasi
_c[1964]
300 _a123 p.
_billus., ports.
_c20 cm.
610 1 0 _aIndonesia.
_bAngkatan Perang.
651 0 _aIndonesia
_xPolitics and government
_y1950-1966.
999 _c65109
_d65109